000 00667nam a22002057a 4500
003 0
005 20250912161111.0
008 250912b xxu||||| |||| 00| 0 eng d
020 _a978-1-98469-505-5
050 _aQA 76.9.A25
_b.B45 2025
100 _aBell, Lydia,
_eauthor.
245 _aCybersecurity and risk management /
_cLydia Bell.
260 _aNew York, NY :
_b3G E-Learning LLC,
_c2025.
300 _axvi, 307 pages :
_bcolored illustrations ;
_c26 cm.
504 _aIncludes bibliographical references and index.
650 _aComputer security.
650 _aRisk management.
650 _aInformation technology
_xSecurity measures.
942 _2lcc
_cBK
999 _c367933
_d367933